English for Engineers and Technologists 2 (Record no. 215155)

MARC details
000 -LEADER
fixed length control field 00528nam a2200205Ia 4500
008 - FIXED-LENGTH DATA ELEMENTS--GENERAL INFORMATION
fixed length control field 240823s9999||||xx |||||||||||||| ||und||
020 ## - INTERNATIONAL STANDARD BOOK NUMBER
International Standard Book Number 81-250-0096-8
082 ## - DEWEY DECIMAL CLASSIFICATION NUMBER
-- 420 N4
100 ## - MAIN ENTRY--PERSONAL NAME
Personal name Humanities
245 #0 - TITLE STATEMENT
Title English for Engineers and Technologists 2
250 ## - EDITION STATEMENT
Edition statement 1st
260 ## - PUBLICATION, DISTRIBUTION, ETC. (IMPRINT)
Date of publication, distribution, etc 1994
Name of publisher, distributor, etc "Orient,Hydrabad"
500 ## - GENERAL NOTE
General note TRANSFERED
650 ## - SUBJECT ADDED ENTRY--TOPICAL TERM
Topical term or geographic name as entry element ENG
700 ## - ADDED ENTRY--PERSONAL NAME
Personal name " Social science Division,Anna University"
942 ## - ADDED ENTRY ELEMENTS (KOHA)
Item type Books
Holdings
Withdrawn status Lost status Damaged status Permanent location Current location Shelving location Date acquired Source of acquisition Cost, normal purchase price Full call number Barcode Date last seen Koha item type
      CENTRAL LIBRARY, NOORUL ISLAM CENTRE FOR HIGHER EDUCATION CENTRAL LIBRARY, NOORUL ISLAM CENTRE FOR HIGHER EDUCATION   05/17/2014 Gift From Department 60.00 420 N4 64900 08/23/2024 Books
Visitors:
Copyright © 2024 Central Library NICHE.  All rights reserved.